Migraciones internas y grupos populares urbanos: Ciudad de México (1950-1970) /
Gorde:
| Egile nagusia: | |
|---|---|
| Beste egile batzuk: | , |
| Formatua: | Texto |
| Gaiak: | |
| Etiketak: |
Etiketa erantsi
Etiketarik gabe, Izan zaitez lehena erregistro honi etiketa jartzen!
|
MARC
| LEADER | 00000 a a2200000 04500 | ||
|---|---|---|---|
| 001 | 44207 | ||
| 003 | |||
| 040 | |||
| 100 | |a García, Brígida | ||
| 245 | |a Migraciones internas y grupos populares urbanos: |b Ciudad de México (1950-1970) / |c Brígida García ; Humberto Muñoz ; Orlandina de Oliveira | ||
| 650 | |a MIGRACION INTERNA | ||
| 650 | |a MEXICO | ||
| 650 | |a MANO DE OBRA | ||
| 650 | |a GRUPOS POPULARES | ||
| 650 | |a TRABAJADORES | ||
| 650 | |a EMPLEO | ||
| 700 | |a Muñoz, Humberto, | ||
| 700 | |a de Oliveira, Orlandina | ||
| 773 | |g volumen40, número1 ( , 1978), Páginas 107-129 | ||
| 999 | |c 29781 |d 29781 | ||
